=LDR 00000nam 2200000 4500 =001 INLIS000000000015695 =005 20130612110954 =008 ***********************************Ing** =035 ##$$0010-061300000015695 =041 ##$$a Ing =082 ##$$a 028.5 =090 ##$$a 028.5, Com F =100 ##$$a Comber, Leon =245 ##$$a Favourite Stories From Hongkong, Leon Comber =260 ##$$a 1991 $b Jakarta =300 ##$$a 47 hlm, ils, 21 cm =650 ##$$a Bacaan Anak-anak =850 ##$$a NBPNMAT